LA FORMA DE MECANISMO ECONÓMICO ESTALINISTA EN LA ANTIGUA URSS Y SU IMPOSICIÓN EN LA EUROPA DEL ESTE. EL CASO HUNGRÍA (Registro nro. 53460)
[ vista simple ]
| 000 -CABECERA | |
|---|---|
| Campo de control interno | nam a22 7a 4500 |
| 005 - FECHA Y HORA DE LA CATALOGACION | |
| Campo de control | 20200624183751.0 |
| 008 - ELEMENTOS DE LONGITUD FIJA - INFORMACION | |
| Elementos de Longitud Fija - Informaci | 200624b xxu||||| |||| 00| 0 eng d |
| 040 ## - ORIGEN DE LA CATALOGACION | |
| Origen de la Catalogación | ANE |
| 041 ## - CODIGO DE LENGUAJE | |
| Código de lenguaje del texto | Es |
| 100 ## - AUTOR PERSONAL | |
| Autor Personal | De Blas Ortega, Jesús |
| 245 ## - TÍTULO GENERAL | |
| Título | LA FORMA DE MECANISMO ECONÓMICO ESTALINISTA EN LA ANTIGUA URSS Y SU IMPOSICIÓN EN LA EUROPA DEL ESTE. EL CASO HUNGRÍA |
| 300 ## - DESCRIPCION | |
| Número de páginas | 404 p. |
| 856 ## - URL - Ubicaci | |
| URI/URL | http://documentacion.asambleanacional.gob.ec/alfresco/d/d/workspace/SpacesStore/16315444-550f-4a35-a7b8-59e45c59626a/LA%20FORMA%20DE%20MCANISMO%20ECON%c3%93MICO%20ESTALINISTA%20EN%20LA%20ANTIGUA%20URSS%20Y%20SU%20IMPOSICI%c3%93N%20EN%20LA%20EUROPA%20DEL%20ESTE.%20EL%20CASO%20HUNGR%c3%8dA.pdf |
| 942 ## - ELEMENTOS DE KOHA | |
| Esquema de Clasificaci | |
| Tipo de Documento | Biblioteca Virtual |
| Catalogador | mbc |
| Withdrawn status | Lost status | Fuente de Clasificaci | Damaged status | Not for loan | Ubicaci | Biblioteca | Fecha de Adquisición | Vía de adquisición | Signatura Topogr | Código de barras | Date last seen | Price effective from | Tipo de Item |
|---|---|---|---|---|---|---|---|---|---|---|---|---|---|
| Biblioteca Asamblea Nacional | Biblioteca Asamblea Nacional | 2020-06-24 | Donación | D | 53460 | 2020-06-24 | 2020-06-24 | Biblioteca Virtual |